000 00759nam a22001935i 4500
001 163870
003 ES-MaACL
005 20250718062547.0
008 991025s1870 fr |||| | fre d
040 _aCAM
_bspa
_cCAM
100 1 _aRojas, Ezéchiel.
_9132004
245 1 0 _aPhilosophie de la morale /
_cpar Ezéchiel Rojas ; Collection d'articles publiés dans la Revue de Colombie précédés d'une lettre adressée a plusieurs sociétés savantes et traduits par Victor Touzet.
260 _aSaint-Germain en Laye :
_b[s.n.],
_c1870 (
_fImprimerie de L. Toinon et C.)
300 _aVII, 317 p. ;
_c22 cm.
650 0 7 _aÉtica
_2embne
_912577
700 1 _aTouzet, Victor.
_9133362
852 _aES-MaACL
_jG-12146
_z-- Enc. hol.
999 _c163870
_d163870